| 000 | 00899nam a22002897a 4500 | ||
|---|---|---|---|
| 003 | CHAP | ||
| 005 | 20220329133913.0 | ||
| 008 | 971013s1971 r 00010 d | ||
| 010 | _a12509 | ||
| 011 | _a13481 | ||
| 035 | _a17553 | ||
| 040 | _cCHAP | ||
| 082 |
_a576 _bH3 |
||
| 100 | 0 | 0 |
_aHawker, Lilian E. _eed. _953136 |
| 245 | _aMicro-organisms; function, form and environment | ||
| 260 |
_aNew York : _bAmerican Elsevier, _c1971 |
||
| 300 |
_a727 p. _b: ilus. |
||
| 590 |
_aBATCH-UPD _b10 _c20130110 _lUCH01 _h2128 |
||
| 590 |
_aBATCH-UPD _b10 _c20130410 _lUCH01 _h1438 |
||
| 590 |
_aBATCH-UPD _b10 _c20130914 _lUCH01 _h1817 |
||
| 590 |
_aCONVERSION _b10 _c20130109 _lUCH01 _h1308 |
||
| 650 | 1 | 4 |
_aMicroorganismos _xFisiologĂa y morfologĂa. _975523 |
| 700 | 0 |
_aLinton, Alan H. _eed. _967008 |
|
| 901 | _aBK | ||
| 942 | _cLIBRO | ||
| 949 |
_a576 H3 _bBC _cLIBRO _d33724000500369 _eLIBRO _h33763 _i17553 _si |
||
| 999 |
_c12509 _d12509 |
||